PHYSIOTHERAPY IN OBSTETRICS& GYNECOLOGY A COMPREHENSIVE TB. ON WOMEN'S HEALTH (Record no. 30983)
[ view plain ]
| 000 -LEADER | |
|---|---|
| fixed length control field | 00504nam a22001697a 4500 |
| 003 - CONTROL NUMBER IDENTIFIER | |
| control field | SGT |
| 020 ## - INTERNATIONAL STANDARD BOOK NUMBER | |
| International Standard Book Number | 9789356961494 |
| 082 ## - DEWEY DECIMAL CLASSIFICATION NUMBER | |
| Classification number | 618.1 |
| Item number | P23S |
| 100 ## - MAIN ENTRY--PERSONAL NAME | |
| Personal name | SHETH, MEGHA SANDEEP |
| 245 ## - TITLE STATEMENT | |
| Title | PHYSIOTHERAPY IN OBSTETRICS& GYNECOLOGY A COMPREHENSIVE TB. ON WOMEN'S HEALTH |
| 250 ## - EDITION STATEMENT | |
| Edition statement | 1ST |
| 260 ## - PUBLICATION, DISTRIBUTION, ETC. (IMPRINT) | |
| Place of publication, distribution, etc | INDIA |
| Name of publisher, distributor, etc | JAYPEE PUB |
| Year of Publication | 2023 |
| 300 ## - PAGE DESCRIPTION | |
| No. of Pages | 492 |
| 650 ## - SUBJECT ADDED ENTRY--TOPICAL TERM | |
| Topical term or geographic name as entry element | PHYSIOTHERAPY , OBST & GYNE |
| 653 ## - KEYWORDS--INDEX TERM | |
| Keyword term | PHYSIOTHERAPY IN OBSTETRICS& GYNECOLOGY A COMPREHENSIVE TB. ON WOMEN'S HEALTH |
| 942 ## - ADDED ENTRY ELEMENTS (KOHA) | |
| Source of classification or shelving scheme | Dewey Decimal Classification |
| Koha item type | Books |
| Withdrawn status | Lost status | Source of classification or shelving scheme | Damaged status | Not for loan | Collection code | Home library | Current library | Shelving location | Date acquired | Vendor Name | Cost, normal purchase price | SGTU | Bill Number | Full call number | Accession No. (Barcode) | Date last seen | Bill Date | Koha item type | Total Checkouts | Checked out | Date last borrowed |
|---|---|---|---|---|---|---|---|---|---|---|---|---|---|---|---|---|---|---|---|---|---|
| Dewey Decimal Classification | Not For Loan | MEDICAL | SGT Medical Library | SGT Medical Library | Reference Book | 23/03/2025 | ABC DELHI | 1150.00 | SGTU | 20801 | 618.1 P23S | FM15261 | 25/04/2025 | 23/03/2025 | Books | ||||||
| Dewey Decimal Classification | MEDICAL | SGT Medical Library | SGT Medical Library | Text Book | 23/03/2025 | ABC DELHI | 1150.00 | SGTU | 20801 | 618.1 P23S | FM15262 | 26/05/2026 | 23/03/2025 | Books | 2 | 09/06/2026 | 26/05/2026 | ||||
| Dewey Decimal Classification | MEDICAL | SGT Medical Library | SGT Medical Library | Text Book | 23/03/2025 | ABC DELHI | 1150.00 | SGTU | 20801 | 618.1 P23S | FM15263 | 25/11/2025 | 23/03/2025 | Books | 3 | 11/11/2025 | |||||
| Dewey Decimal Classification | MEDICAL | SGT Medical Library | SGT Medical Library | Text Book | 23/03/2025 | ABC DELHI | 1150.00 | SGTU | 20801 | 618.1 P23S | FM15264 | 04/08/2025 | 23/03/2025 | Books | 1 | 24/07/2025 | |||||
| Dewey Decimal Classification | MEDICAL | SGT Medical Library | SGT Medical Library | Text Book | 23/03/2025 | ABC DELHI | 1150.00 | SGTU | 20801 | 618.1 P23S | FM15265 | 08/04/2026 | 23/03/2025 | Books | 15 | 08/04/2026 |